| Tag |
First Indicator |
Second Indicator |
Subfields |
| LEADER |
00000cam a2200000 a 4500 |
| 001 |
in00000007363 |
| 005 |
20151005070023.0 |
| 008 |
870728s1987 nyu b 00010 eng d |
| 035 |
|
|
|a (OCoLC)16307036
|
| 035 |
|
|
|9 AAA1851AM
|
| 040 |
|
|
|a TXA
|c TXA
|d NDD
|d TXA
|d UtOrBLW
|
| 049 |
|
|
|a TXAM
|c [A12603293]
|
| 050 |
|
4 |
|a TA357
|b .A66 1987
|
| 111 |
2 |
|
|a ASME Applied Mechanics, Bioengineering, and Fluids Engineering Conference
|d (1987 :
|c Cincinnati, Ohio)
|
| 245 |
1 |
0 |
|a Cavitation and Multiphase Flow Forum, 1987 :
|b presented at the 1987 ASME Applied Mechanics, Bioengineering, and Fluids Engineering Conference, Cincinnati, Ohio, June 14-17, 1987 /
|c sponsored by the Multiphase Flow Committee and the Fluid Machinery Committee of the Fluids Engineering Division, ASME ; edited by O. Furuya.
|
| 264 |
|
1 |
|a New York :
|b The American Society of Mechanical Engineers,
|c [1987]
|
| 300 |
|
|
|a viii, 166 pages :
|b illustrations ;
|c 28 cm.
|
| 336 |
|
|
|a text
|b txt
|2 rdacontent
|
| 337 |
|
|
|a unmediated
|b n
|2 rdamedia
|
| 338 |
|
|
|a volume
|b nc
|2 rdacarrier
|
| 490 |
1 |
|
|a FED ;
|v v. 50
|
| 504 |
|
|
|a Includes bibliographies.
|
| 650 |
|
0 |
|a Cavitation
|v Congresses.
|
| 650 |
|
0 |
|a Multiphase flow
|v Congresses.
|
| 700 |
1 |
|
|a Furuya, O.
|
| 710 |
2 |
|
|a American Society of Mechanical Engineers.
|b Multiphase Flow Committee.
|
| 710 |
2 |
|
|a American Society of Mechanical Engineers.
|b Fluid Machinery Committee.
|
| 711 |
2 |
|
|a Cavitation and Multiphase Flow Forum
|d (1987 :
|c Cincinnati, Ohio)
|
| 830 |
|
0 |
|a FED (Series) ;
|v v. 50.
|
| 999 |
|
|
|a MARS
|
| 999 |
f |
f |
|s 7e9d8ae8-703a-3bc8-bdf8-d873d530ddeb
|i ea198f98-cb0e-3c74-83e3-95365cf505d4
|t 0
|
| 952 |
f |
f |
|p ric
|a Texas A&M University
|b Rellis Campus
|c Joint Library Facility
|d Remote Storage
|t 0
|e TA357 .A66 1987
|h Library of Congress classification
|i unmediated -- volume
|m A14812603293
|
| 998 |
f |
f |
|a TA357 .A66 1987
|t 0
|l Remote Storage
|